000 00438pab a2200169 454500
008 180718b2002 xxu||||| |||| 00| 0 eng d
100 _aSharma, Darshana P.
245 _aInternationalisation of higher education through distance mode
260 _c2002
300 _ap.6-10.
362 _a20 Jan
650 _aEducation
650 _aDistance education
650 _aHigher education
773 _aUniversity News
909 _a55249
999 _c55249
_d55249